[Event "Barcelona Sant Marti op-B 16th"]
[Site "Barcelona"]
[Date "2014.07.20"]
[Round "8"]
[White "Gomez Albamonte, Sonia"]
[Black "Herrera Vargas, Carlo Esteban"]
[Result "1/2-1/2"]
[WhiteElo "1700"]
[BlackElo "1748"]
[PlyCount "89"]
[EventDate "2014.07.13"]
[EventType "swiss"]
[EventRounds "9"]
[EventCountry "ESP"]
[SourceTitle "CBM 161 Extra"]
[Source "ChessBase"]
[SourceDate "2014.08.29"]
[SourceVersion "1"]
[SourceVersionDate "2014.08.29"]
[SourceQuality "1"]

1. c4 e5 2. Nc3 Nc6 3. d3 g6 4. g3 Bg7 5. Bg2 Nf6 6. Bd2 0-0 7. Nf3 d6 8. Qc1 Nh5 9. Bh6 Nd4 10. Bxg7 Nxf3+ 11. Bxf3 Nxg7 12. 0-0 f5 13. Bg2 f4 14. Qd2 fxg3 15. fxg3 c6 16. Rxf8+ Qxf8 17. Rf1 Qe7 18. Ne4 Nh5 19. Ng5 Be6 20. Bh3 Bxh3 21. Nxh3 Rf8 22. Rxf8+ Qxf8 23. a3 Nf6 24. Nf2 Qe7 25. e4 c5 26. Qg5 Kg7 27. Ng4 Kf7 28. Nh6+ Kf8 29. Qe3 Nh5 30. Ng4 Qe6 31. Nf2 Nf6 32. Qf3 h5 33. h3 Kg7 34. Kg2 g5 35. Qe3 Kg6 36. Qe2 b6 37. b3 a5 38. Qd1 Qd7 39. Qd2 a4 40. Qb2 Qc6 41. Qc2 axb3 42. Qxb3 Nd7 43. Nd1 Qa8 44. Nf2 Qa5 45. Qb2 1/2-1/2

[Event "Barcelona Sant Marti op-B 16th"]
[Site "Barcelona"]
[Date "2014.07.18"]
[Round "6"]
[White "Pozanco Villalba, Victor"]
[Black "Herrera Vargas, Carlo Esteban"]
[Result "1/2-1/2"]
[WhiteElo "1700"]
[BlackElo "1748"]
[PlyCount "65"]
[EventDate "2014.07.13"]
[EventType "swiss"]
[EventRounds "9"]
[EventCountry "ESP"]
[SourceTitle "CBM 161 Extra"]
[Source "ChessBase"]
[SourceDate "2014.08.29"]
[SourceVersion "1"]
[SourceVersionDate "2014.08.29"]
[SourceQuality "1"]

1. Nf3 Nc6 2. d4 d5 3. e3 Nf6 4. Bb5 Bg4 5. Bxc6+ bxc6 6. h3 Bh5 7. g4 Bg6 8. Ne5 Qd6 9. Nxg6 hxg6 10. Nd2 c5 11. c3 c4 12. Qa4+ Qd7 13. Qxd7+ Nxd7 14. Nf3 f6 15. h4 Rb8 16. Rb1 g5 17. b3 e6 18. b4 a5 19. Bd2 a4 20. Ke2 gxh4 21. Rxh4 Rxh4 22. Nxh4 Kf7 23. a3 Be7 24. Rf1 g5 25. Nf3 c6 26. Rh1 Kg6 27. Ne1 e5 28. f4 e4 29. f5+ Kg7 30. Ng2 Rh8 31. Rxh8 Kxh8 32. Be1 Bd6 33. Bf2 1/2-1/2

[Event "Barcelona Sant Marti op-B 16th"]
[Site "Barcelona"]
[Date "2014.07.17"]
[Round "5"]
[White "Herrera Vargas, Carlo Esteban"]
[Black "Recacha Limeres, Sergio"]
[Result "1/2-1/2"]
[WhiteElo "1748"]
[BlackElo "1839"]
[PlyCount "55"]
[EventDate "2014.07.13"]
[EventType "swiss"]
[EventRounds "9"]
[EventCountry "ESP"]
[SourceTitle "CBM 161 Extra"]
[Source "ChessBase"]
[SourceDate "2014.08.29"]
[SourceVersion "1"]
[SourceVersionDate "2014.08.29"]
[SourceQuality "1"]

1. e4 e6 2. d4 d5 3. exd5 exd5 4. Nf3 Bg4 5. h3 Qe7+ 6. Qe2 Bxf3 7. Qxe7+ Bxe7 8. gxf3 Nf6 9. Be3 0-0 10. Nc3 Bb4 11. Bg5 Re8+ 12. Be2 Nbd7 13. Rg1 c5 14. dxc5 d4 15. a3 Bxc3+ 16. bxc3 d3 17. cxd3 Nd5 18. Rc1 Nxc5 19. Kd1 Rac8 20. Bd2 Nb3 21. Rc2 Nxd2 22. Kxd2 Nxc3 23. Rxc3 Rxe2+ 24. Kxe2 Rxc3 25. Rb1 b6 26. a4 Rc2+ 27. Ke3 Ra2 28. Rb4 1/2-1/2

[Event "Barcelona Torxa op 2nd"]
[Site "Barcelona"]
[Date "2009.09.01"]
[Round "1"]
[White "Herrera Vargas, Carlo Esteban"]
[Black "Las Heras Aixandri, Sara"]
[Result "0-1"]
[WhiteElo "1700"]
[BlackElo "1820"]
[PlyCount "62"]
[EventDate "2009.09.01"]
[EventType "swiss"]
[EventRounds "7"]
[EventCountry "ESP"]
[SourceTitle "EXT 2024"]
[Source "ChessBase"]
[SourceDate "2023.10.10"]
[SourceVersion "1"]
[SourceVersionDate "2023.10.10"]
[SourceQuality "1"]

1. e4 e5 2. Bc4 Nf6 3. Nf3 Nc6 4. 0-0 Bc5 5. d3 0-0 6. Be3 d6 7. Nc3 Be6 8. b3 Bxc4 9. dxc4 Ng4 10. Bxc5 dxc5 11. Qxd8 Raxd8 12. Rad1 Nb4 13. h3 Nf6 14. Rxd8 Rxd8 15. Rd1 Rxd1+ 16. Nxd1 Nxc2 17. Ne3 Nd4 18. Nd2 Ne2+ 19. Kf1 Nc3 20. a4 Nfxe4 21. g3 Nxd2+ 22. Kg2 g5 23. Nf5 e4 24. Ne7+ Kg7 25. Nf5+ Kf6 26. Nh6 Nf3 27. Ng4+ Ke6 28. Ne3 Ne1+ 29. Kf1 Nd3 30. b4 Nxa4 31. Nc2 a6 0-1